Mean spirit : [a novel] /

Uložené v:
Podrobná bibliografia
Hlavný autor: Hogan, Linda (Author)
Médium: Kniha
Jazyk:English
Vydané: New York : Ivy Books, 1992
Vydanie:1st ed.
Témy:
ISBN: 0804108633 (brož.)
Fyzický popis: 377 s. ; 18 cm
Tagy: Pridať tag
Žiadne tagy, Buďte prvý kto otaguje tento záznam!

MARC

LEADER 00000nam a2200000 a 4500
001 000000059
005 20040316122808.0
008 040217s1992 xxu j engo
020 |a 0804108633 (brož.) 
040 |a SVKKK  |b slo  |c SVKKK  |e AACR2 
041 0 |a eng 
044 |a xxu  |c US 
072 7 |a 821.111(73)-3  |x Americká próza  |2 konspekt 
080 |a 821.111(73)-31  |2 1997 
080 |a (0:82-31)  |2 1997 
100 1 |a Hogan, Linda  |4 aut 
245 1 0 |a Mean spirit :  |b [a novel] /  |c Linda Hogan 
250 |a 1st ed. 
260 |a New York :  |b Ivy Books,  |c 1992 
300 |a 377 s. ;  |c 18 cm 
655 7 |a americké romány  |2 SVKKKPH 
655 7 |a umelecká literatúra  |2 SVKKKPH 
919 |a 0-8041-0863-3 
998 |a BK 
090 |g SCKUS  |k Americké centrum  |a I.72730  |j 959480  |i 2720020337  |s Voľný výber